000 00706nam a2200265Ia 4500
005 20260121171521.0
008 008 260114s9999 xx 000 0 eng d
020 _a9783030263508
037 _aEBOOK
040 _aCRL
040 _beng
040 _cCRL
041 _2eng
041 _aeng
084 _qCRL
100 _aRasmus Dalgaard Laustsen
_91077183
245 4 _aThe Average Consumer in Confusion-based Disputes in European Trademark Law and Similar Fictions
260 _bSpringer
260 _bSpringer
260 _c2020
856 _uhttps://link.springer.com/openurl?genre=book&isbn=978-3-030-26350-8
942 _cEBOOK
999 _c1642913
_d1642913